Personnages de La Casa de Papel par images - Statistiques

Statistiques générales
  • Ce quiz a été pris 1 437 fois
  • Le résultat moyen est 14 sur 20
Statistiques - réponses
Par images Réponse % Correct
Le Professeur / Sergio Marquina
99%
Tokyo / Silene Oliveira
99%
Berlin / Andrés de Fonollosa
98%
Rio / Anibal Cortés
94%
Nairobi / Agata Jimenez
92%
Helsinki / Mirko Dragić
90%
Denver / Daniel Ramos
87%
Lisbonne / Raquel Murillo
84%
Oslo / Dimitri Basanda
82%
Moscou / Agustin Ramos
79%
Stockholm / Mónica Gaztambide
79%
Marseille / Jakov
78%
Palerme / Martín Berote
63%
Arturo Román
62%
Bogota / Santiago López
60%
Alicia Sierra
49%
Manille / Julia Martínez
45%
Ángel Rubio
39%
Pampelune / Matías Caño
32%
Luis Tamayo
29%
Aucun quiz correspondant
Distribution des résultats
% des personnes avec chaque résultat
Percentile par nombre de réponses
Votre historique - résultats
Vous n’avez pas pris ce quiz